1190 1127 1472 1353 1560 1405 1007 1228 1481 1544 1076 1046 1370 1124 1506 1911 1463 1975 1903 1116 1407 1961 1325 1693 1160 1715 1308 1474 1166 1555 1163 1369 1504 1561 1672 1870 1199 1493 1018 1330 1422 1415 1807 1407 1488 1645 1429 1278 1358 1339 1517 1107 1038 1241 1786 1235 1616 1937 1540 1395 1307 1680 1054 1669 1797 1441 1216 1030 1148 1312 1844 1141 1197 1882 1423 1766 1317 1466 1403 1783 1142 1514 1772 1615 1818 1855 1474 1120 1074 1409 1279 1227 1620 1967 1828 1223 1973 1330 1282 BCNSPRNW ULIB Ver.6.0+V

เปลี่ยนเป็นภาษาไทย

Change to English
 แสดงรายละเอียดบรรณานุกรม
  กลับหน้าหลัก

Brief Record : Get Marc (ISO 2709) : E-mail record : QR code < ปิดหน้าต่าง
LEADER : 00000nam 2200000uu 4500
001    13399126138
003     ULIB
008    180612s2013||||th 000 0 tha d
020    ^a9780521739191
050 00 ^aPE1128^bC172^cV.7
245 10 ^aCambridge practice tests for IELTS 7
260    ^aCambridge :^bCambridge University Press,^c2013
300    ^a176 p.:^bill. ;^c25 cm.
650 00 ^aInternational English Language Testing System.
650 00 ^aEnglish language^xExaminations, questions, etc.
650 00 ^aEnglish language^xTextbooks for foreign speakers
945    ^p530^l0^i004234
999    ^aวรรณษา ชูชัยมงคล
รายการนี้ยังไม่มีแท็ก
คุณยังไม่ได้ล็อกอิน คุณสามารถมีกิจกรรมร่วมกับเว็บไซต์ได้ แต่ต้องล็อกอินก่อน ::
  ล็อกอิน

รายการสื่อสารสนเทศ

ลำดับที่ ประเภท เลขเรียก/บาร์โค้ด สถานที่ สถานะ
1. วิทยาศาสตร์การแพทย์ และสุขภาพ
หนังสือสำรอง
สถานะ=หนังสือสำรอง
PE1128 C172 V.7 ฉ.1 
  Barcode: 004234
ห้องสมุดวิทยาเขตสวรรค์ประชารักษ์
►หนังสือทั่วไป
บนชั้น

รายการใกล้เคียง
    ชื่อเรื่อง [Cambridge practice tests for IELTS 7]

    หัวเรื่อง [International English Language Testing System.]

BibComment


ยังไม่เคยถูกคอมเมนท์

คอมเมนท์ทรัพยากรรายการนี้
  คอมเมนท์: Cambridge practi..


 Copyright 2026. Bcnsprnw @Library